Statistiques concernant Intercommunalités de la Somme

Cliquez ici pour prendre le quiz!

Statistiques générales

  • Ce quiz a été pris 8 fois
  • Le résultat moyen est 9 sur 14

Statistiques - réponses

Nombres de CommunesIntercommunalités% Correct
39Amiens Métropole
100%
43Communauté d'agglomération de la Baie de Somme
100%
60Communauté de communes de la Haute Somme
88%
62Communauté de communes du Grand Roye
88%
65Communauté de communes du Pays du Coquelicot
88%
47Communauté de communes Avre Luce Noye
75%
41 (dont 01 dans l'Aisne)Communauté de communes de l'Est de la Somme
63%
65Communauté de communes du Territoire Nord Picardie
63%
71Communauté de communes Ponthieu-Marquenterre
63%
119Communauté de communes Somme Sud-Ouest
63%
33Communauté de communes du Val de Somme
50%
36Communauté de communes Nièvre et Somme
38%
25Communauté de communes du Vimeu
25%
43Communauté de communes Terre de Picardie
0%

Distribution des résultats

Percentile par nombre de réponses

% des personnes avec chaque résultat

Votre développement - résultats

Vous n’avez pas pris ce quiz